|
|
|
|
| LEADER |
01346nam a2200325Ia 4500 |
| 001 |
EBC3377940 |
| 003 |
MiAaPQ |
| 005 |
20200520144314.0 |
| 006 |
m o d | |
| 007 |
cr cn||||||||| |
| 008 |
740628s1963 dcua s f000 0 eng d |
| 010 |
|
|
|z 63060059
|
| 035 |
|
|
|a (MiAaPQ)EBC3377940
|
| 035 |
|
|
|a (Au-PeEL)EBL3377940
|
| 035 |
|
|
|a (CaPaEBR)ebr10080788
|
| 035 |
|
|
|a (OCoLC)883573303
|
| 040 |
|
|
|a MiAaPQ
|c MiAaPQ
|d MiAaPQ
|
| 050 |
|
4 |
|a HB851
|b .N3 1963
|
| 110 |
2 |
|
|a National Academy of Sciences (U.S.).
|b Committee on Science and Public Policy.
|
| 245 |
1 |
4 |
|a The growth of world population
|h [electronic resource] :
|b analysis of the problems and recommendations for research and training.
|
| 260 |
|
|
|a Washington :
|b National Academy of Sciences,
|c 1963.
|
| 300 |
|
|
|a xii, 38 p. :
|b diag.
|
| 490 |
1 |
|
|a National Research Council (U.S.) Publication ;
|v 1091
|
| 533 |
|
|
|a Electronic reproduction. Ann Arbor, MI : ProQuest, 2015. Available via World Wide Web. Access may be limited to ProQuest affiliated libraries.
|
| 650 |
|
0 |
|a Population.
|
| 651 |
|
0 |
|a Developing countries
|x Population.
|
| 655 |
|
4 |
|a Electronic books.
|
| 710 |
2 |
|
|a ProQuest (Firm)
|
| 830 |
|
0 |
|a Publication (National Research Council (U.S.)) ;
|v no. 1091.
|
| 856 |
4 |
0 |
|u https://ebookcentral.proquest.com/lib/matrademy/detail.action?docID=3377940
|z Click to View
|